[Event "Rated Blitz game"]
[Site "?"]
[Date "2021.04.02"]
[Round "?"]
[White "EminovOrkhan"]
[Black "KamranShirazi"]
[Result "1/2-1/2"]
[WhiteElo "2533"]
[BlackElo "2491"]
[PlyCount "141"]
[EventDate "2021.??.??"]
[EventType "blitz"]

1. e4 e5 2. Nf3 d5 3. Nc3 dxe4 4. Nxe5 Qd4 5. Nc4 Be6 6. d3 Bxc4 7. dxc4 Qxd1+
8. Nxd1 Nc6 9. Bf4 O-O-O 10. Ne3 g6 11. Be2 Bh6 12. Bxh6 Nxh6 13. O-O f5 14.
Rfd1 Nd4 15. Bf1 c6 16. c3 Ne6 17. g3 Kc7 18. b4 f4 19. Nc2 Nf5 20. Bh3 e3 21.
Bxf5 gxf5 22. fxe3 fxg3 23. hxg3 Rdg8 24. Kf2 Ng5 25. Nd4 Ne4+ 26. Kg2 Rxg3+
27. Kh2 Rhg8 28. Rg1 Rxg1 29. Rxg1 Rxg1 30. Kxg1 Nxc3 31. a3 Nb1 32. a4 Nd2 33.
c5 a5 34. bxa5 Nc4 35. Nxf5 Nxa5 36. Nd4 Nc4 37. Kf2 Nb2 38. a5 Nc4 39. Nb3 Kd7
40. Kf3 Ke6 41. Ke4 h5 42. Kd4 Ne5 43. Ke4 h4 44. Nd4+ Kf6 45. Kf4 Nc4 46. a6
bxa6 47. Nxc6 h3 48. Kg3 Nxe3 49. Kxh3 Ke6 50. Na5 Kd5 51. c6 Kd6 52. Kg3 Nd5
53. Kf3 Nb4 54. Ke4 Nxc6 55. Nxc6 Kxc6 56. Kd3 Kb5 57. Kc2 Kb4 58. Kb1 Ka3 59.
Ka1 Kb3 60. Kb1 Ka3 61. Ka1 Kb3 62. Kb1 Ka4 63. Ka1 Kb4 64. Kb1 a5 65. Ka1 Ka3
66. Kb1 Kb3 67. Ka1 Kc2 68. Ka2 Kc3 69. Ka3 Kc4 70. Ka4 Kc5 71. Kxa5 {Normal}
1/2-1/2

[Event "Rated Blitz game"]
[Site "?"]
[Date "2021.04.02"]
[Round "?"]
[White "jimothylacoste"]
[Black "blastol"]
[Result "1-0"]
[WhiteElo "2495"]
[BlackElo "2401"]
[PlyCount "72"]
[EventDate "2021.??.??"]
[EventType "blitz"]

1. e4 e5 2. Nf3 d5 3. Nxe5 Bd6 4. d4 dxe4 5. Bc4 Bxe5 6. dxe5 Qxd1+ 7. Kxd1 Nc6
8. Rg1 Nxe5 9. Bb3 Bg4+ 10. Ke1 O-O-O 11. Nc3 f5 12. Bf4 Ng6 13. Bg5 Nf6 14. h3
Bh5 15. Be6+ Kb8 16. Bxf5 Ne7 17. Bxe4 Nxe4 18. Nxe4 Rde8 19. f3 Bg6 20. Kf2
Bxe4 21. fxe4 Rhf8+ 22. Kg3 h6 23. Bd2 Ng6 24. Rge1 Ne5 25. Bc3 Nc4 26. Rad1 g5
27. b3 Nd6 28. e5 Nf5+ 29. Kg4 Ng7 30. Rd7 Rf4+ 31. Kg3 Nh5+ 32. Kh2 Rf2 33. e6
Nf4 34. e7 Rxg2+ 35. Kh1 Kc8 36. Red1 Ne6 {Normal} 1-0

[Event "Rated Blitz game"]
[Site "?"]
[Date "2021.04.01"]
[Round "?"]
[White "Corre_por_tu_vida"]
[Black "imsobadly"]
[Result "1-0"]
[WhiteElo "2631"]
[BlackElo "2667"]
[PlyCount "93"]
[EventDate "2021.??.??"]
[EventType "blitz"]

1. e4 e5 2. Nf3 d5 3. exd5 e4 4. Qe2 Nf6 5. d3 Qxd5 6. Nbd2 Bf5 7. Ng5 Bg4 8.
f3 Qxg5 9. Nxe4 Qe5 10. Nxf6+ gxf6 11. fxg4 Nc6 12. Bf4 Qxe2+ 13. Bxe2 Nd4 14.
Bd1 O-O-O 15. c3 Ne6 16. Be3 Rxd3 17. Bxa7 b6 18. Be2 Re3 19. Kf2 Bc5 20. Ba6+
Kd7 21. Rhd1+ Ke7 22. b4 Rxc3+ 23. bxc5 Ra3 24. cxb6 Rxa6 25. Rdb1 cxb6 26.
Bxb6 Rha8 27. Rb2 Ra4 28. h3 f5 29. gxf5 Nf4 30. Kf3 Nd5 31. Bc5+ Kf6 32. g4
R8a5 33. Bf8 Kg5 34. Kg3 h5 35. h4+ Kf6 36. gxh5 Ra8 37. Bd6 Rg8+ 38. Kh3 Rgg4
39. Bg3 Nf4+ 40. Kxg4 Nd3+ 41. Kh3 Nxb2 42. h6 Kxf5 43. h7 Ra8 44. Rb1 Nd3 45.
Rb8 Nf2+ 46. Kg2 Rxa2 47. Bxf2 {Normal} 1-0

[Event "Rated Blitz game"]
[Site "?"]
[Date "2021.04.01"]
[Round "?"]
[White "Urquharts"]
[Black "KamranShirazi"]
[Result "0-1"]
[WhiteElo "2420"]
[BlackElo "2474"]
[PlyCount "70"]
[EventDate "2021.??.??"]
[EventType "blitz"]

1. e4 e5 2. Nf3 d5 3. Nxe5 Bd6 4. d4 dxe4 5. Be2 Nc6 6. Nxc6 bxc6 7. O-O h5 8.
c4 Nf6 9. Bg5 Bxh2+ 10. Kh1 Bd6 11. Nc3 Bf5 12. Qa4 Qd7 13. Bxf6 gxf6 14. c5
Bf4 15. d5 Kf8 16. dxc6 Qe7 17. Ba6 Qxc5 18. Bb7 Rd8 19. Rad1 Kg7 20. Nxe4 Qe7
21. Nxf6 Bd6 22. Rxd6 Rxd6 23. Nd7 Bxd7 24. cxd7 Qxd7 25. Qf4 Qe7 26. Be4 Rhh6
27. Qg3+ Kf8 28. f3 h4 29. Qh3 Rh5 30. Rc1 c5 31. Qc8+ Kg7 32. Qg4+ Rg5 33. Qh3
Rg3 34. Qf5 Rh6 35. Rxc5 h3 {Time forfeit} 0-1

[Event "Rated Blitz game"]
[Site "?"]
[Date "2021.04.01"]
[Round "?"]
[White "Wanderkoenig"]
[Black "HeyLetsPlay2020"]
[Result "1-0"]
[WhiteElo "2447"]
[BlackElo "2268"]
[PlyCount "37"]
[EventDate "2021.??.??"]
[EventType "blitz"]

1. e4 e5 2. Nf3 d5 3. exd5 e4 4. Qe2 Nf6 5. d3 Qxd5 6. Nc3 Bb4 7. Bd2 Bxc3 8.
Bxc3 O-O 9. Bxf6 exf3 10. gxf3 gxf6 11. O-O-O Qxa2 12. Rg1+ Kh8 13. Qe7 Qa1+
14. Kd2 Qa5+ 15. b4 Nd7 16. bxa5 b6 17. Bh3 bxa5 18. Bxd7 Bxd7 19. Qxf6# {
Normal} 1-0

[Event "Rated Blitz game"]
[Site "?"]
[Date "2021.04.01"]
[Round "?"]
[White "rikchess"]
[Black "Dzon_Vejn"]
[Result "1-0"]
[WhiteElo "2368"]
[BlackElo "2423"]
[PlyCount "99"]
[EventDate "2021.??.??"]
[EventType "blitz"]

1. e4 e5 2. Nf3 d5 3. Nc3 dxe4 4. Nxe4 Nf6 5. Nxf6+ Qxf6 6. Bc4 e4 7. Qe2 Bf5
8. d3 Nc6 9. dxe4 Bg4 10. Bb5 Bb4+ 11. Kf1 O-O-O 12. c3 Ne5 13. Bg5 Bxf3 14.
Bxf6 Bxe2+ 15. Kxe2 gxf6 16. cxb4 c6 17. Ba4 Nd3 18. a3 Nxb2 19. Bb3 Nd3 20.
Bxf7 Ne5 21. Be6+ Kc7 22. f4 Nd3 23. g3 Rd4 24. Bf5 Rhd8 25. Bxh7 Nb2 26. Kf3
b6 27. Ra2 Nd3 28. Rc2 c5 29. e5 fxe5 30. Rd1 e4+ 31. Bxe4 Ne5+ 32. fxe5 Rxd1
33. bxc5 R8d2 34. Rc3 b5 35. e6 a5 36. h4 Rd8 37. Re3 Rf8+ 38. Kg4 Rc1 39. c6
Rc4 40. h5 Re8 41. Kf5 Rf8+ 42. Kg6 Kd6 43. e7 Re8 44. Kf7 Rxe7+ 45. Kf6 Rexe4
46. Rd3+ Red4 47. c7 Kc6 48. c8=Q+ Kd5 49. Rxd4+ Rxd4 50. Qd7+ {Time forfeit}
1-0

[Event "Rated Blitz game"]
[Site "?"]
[Date "2021.04.01"]
[Round "?"]
[White "BoomerRemover2003"]
[Black "GrandeGila"]
[Result "1-0"]
[WhiteElo "2342"]
[BlackElo "2464"]
[PlyCount "32"]
[EventDate "2021.??.??"]
[EventType "blitz"]

1. e4 e5 2. Nf3 d5 3. exd5 e4 4. Nd4 Qxd5 5. Nb3 Bf5 6. Nc3 Qe5 7. Be2 Bd6 8.
g3 Nc6 9. O-O O-O-O 10. d4 exd3 11. Bxd3 Bh3 12. Re1 Qf6 13. Qh5 Be6 14. Bg5 g6
15. Bxf6 gxh5 16. Bxh8 f6 {Normal} 1-0

[Event "Rated Blitz game"]
[Site "?"]
[Date "2021.04.01"]
[Round "?"]
[White "SergeiRK"]
[Black "Dzon_Vejn"]
[Result "0-1"]
[WhiteElo "2435"]
[BlackElo "2435"]
[PlyCount "110"]
[EventDate "2021.??.??"]
[EventType "blitz"]

1. e4 e5 2. Nf3 d5 3. Nxe5 Bd6 4. d4 dxe4 5. Nc4 Be7 6. Nc3 Nf6 7. Bg5 Bf5 8.
Ne3 Bg6 9. h4 h6 10. Bf4 O-O 11. h5 Bh7 12. Be2 c6 13. Qd2 Bb4 14. a3 Ba5 15.
Nc4 Bc7 16. O-O-O Nd5 17. Bxc7 Qxc7 18. Ne3 Rd8 19. Bc4 Ne7 20. Qe2 b5 21. Ba2
a5 22. d5 b4 23. d6 Rxd6 24. Rxd6 Qxd6 25. Nc4 Qc7 26. Na4 bxa3 27. Nxa3 Nd7
28. Nc4 Nd5 29. Ne3 Nb4 30. Bb3 Ne5 31. Rd1 Kh8 32. Nc4 Re8 33. Nd6 Re7 34.
Nxe4 f5 35. Nd6 Ned3+ 36. Rxd3 Rxe2 37. Nf7+ Kg8 38. Rd8+ Qxd8 39. Nxd8+ Kf8
40. Ne6+ Ke7 41. Nxg7 Rxf2 42. Nc5 Rxg2 43. Nge6 Nd5 44. Nd4 Kd6 45. Nd3 f4 46.
Kd1 Bxd3 47. cxd3 Rxb2 48. Ba4 Rb4 49. Nf5+ Ke5 50. Nxh6 Rxa4 51. Ng4+ Kf5 52.
Nf2 Ra1+ 53. Ke2 Ra2+ 54. Kf3 Rxf2+ 55. Kxf2 a4 {Normal} 0-1

[Event "Rated Blitz game"]
[Site "?"]
[Date "2021.04.01"]
[Round "?"]
[White "Fouad_abdennabi"]
[Black "annaly1979"]
[Result "0-1"]
[WhiteElo "2493"]
[BlackElo "2340"]
[PlyCount "52"]
[EventDate "2021.??.??"]
[EventType "blitz"]

1. e4 e5 2. Nf3 d5 3. exd5 e4 4. Qe2 f5 5. d3 Nf6 6. Nc3 Bb4 7. dxe4 Bxc3+ 8.
bxc3 fxe4 9. Ng5 O-O 10. Ne6 Bxe6 11. dxe6 Nc6 12. Ba3 Re8 13. e7 Nxe7 14. Qc4+
Ned5 15. Rd1 c6 16. Be2 e3 17. O-O exf2+ 18. Rxf2 Qb6 19. Bc5 Qa5 20. Bf3 Qxc3
21. Qxc3 Nxc3 22. Rdf1 Nce4 23. Bxe4 Nxe4 24. Rf5 g6 25. Rf7 Nxc5 26. Rc7 Rf8 {
Normal} 0-1

[Event "Rated Blitz game"]
[Site "?"]
[Date "2021.04.01"]
[Round "?"]
[White "kosovtenerife"]
[Black "Dzon_Vejn"]
[Result "0-1"]
[WhiteElo "2356"]
[BlackElo "2452"]
[PlyCount "116"]
[EventDate "2021.??.??"]
[EventType "blitz"]

1. e4 e5 2. Nf3 d5 3. d4 dxe4 4. Nxe5 Bd6 5. Nc3 Bxe5 6. dxe5 Qxd1+ 7. Nxd1 Nc6
8. Bb5 Nge7 9. Nc3 Bf5 10. Bf4 O-O-O 11. O-O Nd4 12. Ba4 Ng6 13. Bg3 h5 14. h3
h4 15. Bh2 c6 16. Rfe1 e3 17. Rxe3 Bxc2 18. Rc1 Bxa4 19. Nxa4 Rhe8 20. Nc5 Re7
21. f4 Nf5 22. Re2 Kc7 23. Ne4 Rd4 24. Rce1 b6 25. b3 c5 26. Kf2 Nf8 27. Kf3
Ne6 28. Ng5 Nxg5+ 29. fxg5 Re6 30. Re4 g6 31. Rxd4 Nxd4+ 32. Kg4 Nc2 33. Re2
Nd4 34. Re4 Kc6 35. Kxh4 Kd5 36. Re1 b5 37. Kg4 Nc2 38. Rd1+ Ke4 39. h4 Ne3+
40. Kh3 Nxd1 41. g4 Ne3 42. Kg3 c4 43. Kf2 c3 44. Ke2 c2 45. Kd2 Rc6 46. Kc1
Kd3 47. Bg1 Nf1 48. Bf2 Nd2 49. Be3 Nf3 50. h5 a5 51. h6 Rc8 52. h7 Rh8 53. Bg1
Rxh7 54. Bh2 Rxh2 55. Kb2 Rh1 56. a4 c1=Q+ 57. Ka2 Qc2+ 58. Ka3 b4# {Normal}
0-1

[Event "Rated Blitz game"]
[Site "?"]
[Date "2021.04.01"]
[Round "?"]
[White "nrm18"]
[Black "Schachelite"]
[Result "1-0"]
[WhiteElo "2417"]
[BlackElo "2450"]
[PlyCount "37"]
[EventDate "2021.??.??"]
[EventType "blitz"]

1. e4 e5 2. Nf3 d5 3. Nxe5 Bd6 4. d4 dxe4 5. Nc4 Nf6 6. Ne3 O-O 7. Be2 Nc6 8.
c3 b6 9. O-O Bb7 10. f3 Ne7 11. fxe4 Nxe4 12. Bf3 f5 13. Qe1 Nd5 14. Nxf5 Rxf5
15. Qxe4 Qf6 16. c4 Rf8 17. cxd5 Bxd5 18. Qxd5+ Rxd5 19. Bxd5+ {Normal} 1-0

[Event "Rated Blitz game"]
[Site "?"]
[Date "2021.04.01"]
[Round "?"]
[White "BoomerRemover2003"]
[Black "GrandeGila"]
[Result "0-1"]
[WhiteElo "2338"]
[BlackElo "2468"]
[PlyCount "36"]
[EventDate "2021.??.??"]
[EventType "blitz"]

1. e4 e5 2. Nf3 d5 3. exd5 e4 4. Nd4 Qxd5 5. Nb3 Qe5 6. Qe2 Nc6 7. g3 Nf6 8.
Bg2 Bg4 9. Qe3 O-O-O 10. O-O Qh5 11. Nc3 Bb4 12. Nxe4 Nxe4 13. Qxe4 Rhe8 14.
Qc4 Be2 15. Qf4 Bxf1 16. Bxf1 Re1 17. Kg2 Rde8 18. d4 Rxf1 {Normal} 0-1

[Event "Rated Blitz tournament tmpDS139"]
[Site "?"]
[Date "2021.04.01"]
[Round "?"]
[White "simplesimpson03"]
[Black "Schachelite"]
[Result "0-1"]
[WhiteElo "2347"]
[BlackElo "2462"]
[PlyCount "46"]
[EventDate "2021.??.??"]
[EventType "blitz"]

1. e4 e5 2. Nf3 d5 3. exd5 e4 4. Qe2 Nf6 5. d3 Qxd5 6. Nc3 Bb4 7. Bd2 Bxc3 8.
Bxc3 O-O 9. Bxf6 exf3 10. Qe5 Qxe5+ 11. Bxe5 Re8 12. d4 f6 13. Bc4+ Kf8 14.
gxf3 fxe5 15. O-O-O exd4 16. Rxd4 Nd7 17. h4 Nf6 18. h5 h6 19. Rg1 Be6 20. Bd3
Nxh5 21. Bg6 Bf7 22. Rd7 Bxg6 23. Rxg6 Re7 {Normal} 0-1

[Event "Rated Blitz game"]
[Site "?"]
[Date "2021.04.01"]
[Round "?"]
[White "Didici12"]
[Black "Fantastic_power06"]
[Result "1-0"]
[WhiteElo "2634"]
[BlackElo "2625"]
[PlyCount "42"]
[EventDate "2021.??.??"]
[EventType "blitz"]

1. e4 e5 2. Nf3 d5 3. exd5 e4 4. Ne5 Qxd5 5. d4 exd3 6. Nxd3 Nf6 7. Nc3 Qf5 8.
Be2 Nc6 9. O-O Be6 10. Bf3 O-O-O 11. Bxc6 bxc6 12. Be3 Bd6 13. Bxa7 Bxh2+ 14.
Kxh2 Ng4+ 15. Kg3 Qg6 16. Nf4 Qg5 17. Nxe6 Qe5+ 18. f4 Rxd1 19. fxe5 Rxa1 20.
Rxa1 Nxe5 21. Bd4 Rd8 {Normal} 1-0

[Event "Rated Blitz game"]
[Site "?"]
[Date "2021.04.01"]
[Round "?"]
[White "BoomerRemover2003"]
[Black "GrandeGila"]
[Result "0-1"]
[WhiteElo "2346"]
[BlackElo "2460"]
[PlyCount "60"]
[EventDate "2021.??.??"]
[EventType "blitz"]

1. e4 e5 2. Nf3 d5 3. exd5 e4 4. Nd4 Qxd5 5. Nb3 Qe5 6. Be2 Nc6 7. O-O Bd6 8.
g3 h5 9. d4 Qf5 10. d5 h4 11. dxc6 hxg3 12. fxg3 Qh3 13. Rf2 Bxg3 14. Rg2 Bxh2+
15. Kf2 Qh4+ 16. Kf1 Bg3 17. Bb5 Qh1+ 18. Rg1 Bh3+ 19. Ke2 Qf3+ 20. Kd2 e3+ 21.
Kc3 e2+ 22. Qd3 e1=Q+ 23. Rxe1+ Bxe1+ 24. Bd2 Bxd2+ 25. N1xd2 Qf6+ 26. Nd4
O-O-O 27. cxb7+ Kxb7 28. Qe4+ c6 29. Bxc6+ Kc7 30. Re1 Rh4 {Normal} 0-1

[Event "Rated Blitz game"]
[Site "?"]
[Date "2021.04.01"]
[Round "?"]
[White "riserman"]
[Black "anjaya01"]
[Result "1-0"]
[WhiteElo "2375"]
[BlackElo "2424"]
[PlyCount "51"]
[EventDate "2021.??.??"]
[EventType "blitz"]

1. e4 e5 2. Nf3 d5 3. exd5 Bd6 4. d3 f5 5. c4 c5 6. Nc3 a6 7. g3 Nf6 8. Bg2 b6
9. O-O Ra7 10. Nxe5 O-O 11. Nc6 Nxc6 12. dxc6 Be5 13. Nd5 Bd4 14. Bg5 h6 15.
Bxf6 gxf6 16. Rb1 f4 17. Nxf4 f5 18. b4 Rg7 19. bxc5 bxc5 20. Qh5 Qd6 21. Rfe1
Rg5 22. Qf3 h5 23. Qd5+ Qxd5 24. cxd5 h4 25. Kf1 hxg3 26. hxg3 {Normal} 1-0

[Event "Rated Blitz tournament tmpDS139"]
[Site "?"]
[Date "2021.04.01"]
[Round "?"]
[White "Tartosucre"]
[Black "Schachelite"]
[Result "0-1"]
[WhiteElo "2318"]
[BlackElo "2470"]
[PlyCount "198"]
[EventDate "2021.??.??"]
[EventType "blitz"]

1. e4 e5 2. Nf3 d5 3. d3 dxe4 4. dxe4 Qxd1+ 5. Kxd1 Bg4 6. Be2 Nc6 7. c3 O-O-O+
8. Kc2 Bc5 9. Rf1 f6 10. Nbd2 Nge7 11. Nc4 Bh5 12. Be3 Bxe3 13. Nxe3 Bg6 14.
Nd2 Rd7 15. f3 Rhd8 16. Rad1 f5 17. exf5 Nxf5 18. Nxf5 Bxf5+ 19. Ne4 Rxd1 20.
Rxd1 Rxd1 21. Bxd1 Bxe4+ 22. fxe4 Kd7 23. Kd3 Kd6 24. Bg4 a5 25. Bf5 h6 26. Bg4
Kc5 27. Bd7 Ne7 28. a3 Kd6 29. Be8 b6 30. b4 axb4 31. axb4 Nc8 32. h4 Ke6 33.
g4 Nd6 34. Bc6 Kf6 35. Bd7 Kg6 36. Be6 Kf6 37. Bd7 Ke7 38. Bf5 Ne8 39. Bg6 Nf6
40. g5 hxg5 41. hxg5 Nd7 42. Bf5 Nf8 43. Kc4 Kd6 44. Kb5 g6 45. Bg4 Nh7 46. Bf5
Nxg5 47. Bxg6 Ne6 48. Bf5 Nf4 49. Kc4 Ng2 50. Kd3 Nf4+ 51. Ke3 Kc6 52. c4 Kd6
53. Bc8 c5 54. b5 Ke7 55. Bf5 Kf6 56. Bh7 Kg5 57. Bg8 Kh4 58. Bd5 Kg3 59. Bc6
Ng2+ 60. Kd3 Kf3 61. Bd5 Nf4+ 62. Kd2 Kf2 63. Bc6 Ng2 64. Bd5 Ne1 65. Bc6 Nf3+
66. Kd3 Ke1 67. Ke3 Nd4 68. Bd5 Kd1 69. Kd3 Kc1 70. Kc3 Kb1 71. Bc6 Ka2 72. Bd5
Ka3 73. Bc6 Ne2+ 74. Kd2 Nf4 75. Kc3 Ka4 76. Bd5 Ka3 77. Bc6 Ne2+ 78. Kd2 Nd4
79. Kc3 Nb3 80. Bd5 Nc1 81. Bc6 Na2+ 82. Kd3 Kb3 83. Bd5 Kb2 84. Be6 Ka3 85.
Bd5 Kb3 86. Be6 Nb4+ 87. Kd2 Na2 88. Kd3 Kb2 89. Bd5 Nc1+ 90. Kd2 Nb3+ 91. Kd3
Nc1+ 92. Kd2 Na2 93. Kd3 Kc1 94. Bc6 Nb4+ 95. Kc3 Kd1 96. Bd5 Ke2 97. Bc6 Ke3
98. Bd5 Nd3 99. Bc6 Nf2 {Normal} 0-1

[Event "Rated Blitz game"]
[Site "?"]
[Date "2021.04.01"]
[Round "?"]
[White "Doppelbauer01"]
[Black "Schachelite"]
[Result "0-1"]
[WhiteElo "2527"]
[BlackElo "2478"]
[PlyCount "38"]
[EventDate "2021.??.??"]
[EventType "blitz"]

1. e4 e5 2. Nf3 d5 3. exd5 e4 4. Qe2 Nf6 5. Nc3 Be7 6. Nxe4 O-O 7. d3 Re8 8.
Qd1 Qxd5 9. Be2 Nxe4 10. dxe4 Qxe4 11. O-O Nc6 12. Bd3 Qg4 13. Bxh7+ Kxh7 14.
h3 Qg6 15. Re1 Bxh3 16. g3 Bf6 17. Rxe8 Rxe8 18. Be3 Rxe3 19. fxe3 Qxg3+ {
Normal} 0-1

[Event "Rated Blitz tournament UKF42K3o"]
[Site "?"]
[Date "2021.04.01"]
[Round "?"]
[White "jaci3"]
[Black "Torjaeger10"]
[Result "0-1"]
[WhiteElo "2404"]
[BlackElo "2375"]
[PlyCount "88"]
[EventDate "2021.??.??"]
[EventType "blitz"]

1. e4 e5 2. Nf3 d5 3. d3 Nf6 4. Nbd2 Bc5 5. Be2 O-O 6. O-O Nc6 7. exd5 Nxd5 8.
Nb3 Bb6 9. a4 a5 10. h3 Nd4 11. Nbxd4 exd4 12. Bg5 f6 13. Bh4 Nf4 14. Bg3 Nxe2+
15. Qxe2 Re8 16. Qd2 Qd5 17. Rfe1 Bxh3 18. Rxe8+ Rxe8 19. Re1 Rxe1+ 20. Qxe1
Be6 21. b3 c6 22. Nd2 Bc5 23. Ne4 Bb4 24. Qe2 b5 25. Nd2 Bxd2 26. Qxd2 bxa4 27.
bxa4 h5 28. f3 Qc5 29. Be1 Kf7 30. c3 dxc3+ 31. Qf2 Qxf2+ 32. Kxf2 c2 33. Bd2
Bb3 34. Ke3 Bxa4 35. Bc1 Bb3 36. Kd2 a4 37. Ba3 Ke6 38. Kc1 g5 39. Bc5 f5 40.
Kb2 g4 41. fxg4 fxg4 42. g3 Kd5 43. Bf2 a3+ 44. Kc1 a2 {Normal} 0-1

[Event "Rated Blitz game"]
[Site "?"]
[Date "2021.04.01"]
[Round "?"]
[White "Arps89"]
[Black "Schachelite"]
[Result "1-0"]
[WhiteElo "2451"]
[BlackElo "2484"]
[PlyCount "53"]
[EventDate "2021.??.??"]
[EventType "blitz"]

1. e4 e5 2. Nf3 d5 3. exd5 e4 4. Ne5 Qxd5 5. d4 exd3 6. Nxd3 Nf6 7. Nc3 Qf5 8.
Be2 c6 9. O-O Be7 10. Re1 Be6 11. Nf4 O-O 12. Bd3 Qg4 13. Nxe6 fxe6 14. Qxg4
Nxg4 15. Rxe6 Bc5 16. Ne4 Bb6 17. Bc4 Kh8 18. Bf4 Nxf2 19. Nxf2 Bxf2+ 20. Kxf2
Rxf4+ 21. Kg3 g5 22. Re8+ Kg7 23. Bb3 a5 24. a4 Rf8 25. Rae1 Na6 26. R8e7+ Kh6
27. R1e6+ {Normal} 1-0

[Event "Rated Blitz tournament hI9RJo1w"]
[Site "?"]
[Date "2021.04.01"]
[Round "?"]
[White "AAponte"]
[Black "Maltinho"]
[Result "1-0"]
[WhiteElo "2243"]
[BlackElo "2557"]
[PlyCount "105"]
[EventDate "2021.??.??"]
[EventType "blitz"]

1. e4 e5 2. Nf3 d5 3. exd5 Bd6 4. d4 e4 5. Ne5 Nf6 6. Bb5+ c6 7. dxc6 bxc6 8.
Bc4 Bxe5 9. dxe5 Qxd1+ 10. Kxd1 Ng4 11. Ke1 Nxe5 12. Be2 Be6 13. Nc3 f5 14. b3
Nbd7 15. Ba3 O-O-O 16. Rd1 Nb6 17. Rd2 Kc7 18. Kd1 Rxd2+ 19. Kxd2 Rd8+ 20. Kc1
Nd5 21. Nxd5+ cxd5 22. Bc5 Nc6 23. c3 f4 24. Rd1 g5 25. Bb5 a5 26. Bxc6 Kxc6
27. Bd4 h5 28. Kb2 h4 29. a4 Rf8 30. b4 g4 31. b5+ Kd6 32. c4 h3 33. c5+ Kc7
34. gxh3 gxh3 35. Rg1 Rf7 36. Rg7 Rxg7 37. Bxg7 e3 38. f3 d4 39. Bxd4 e2 40.
Bf2 Bd5 41. Kc3 Bxf3 42. Kd4 Bg4 43. c6 Bf5 44. Kc5 Be4 45. b6+ Kc8 46. b7+ Kc7
47. Be1 f3 48. Bxa5+ Kb8 49. Kb6 Bxc6 50. Kxc6 f2 51. Bc7+ Ka7 52. b8=Q+ Ka6
53. Qb6# {Normal} 1-0

[Event "Rated Blitz game"]
[Site "?"]
[Date "2021.04.01"]
[Round "?"]
[White "Pouya1360"]
[Black "Cherny_Rytsar"]
[Result "1/2-1/2"]
[WhiteElo "2416"]
[BlackElo "2373"]
[PlyCount "166"]
[EventDate "2021.??.??"]
[EventType "blitz"]

1. e4 e5 2. Nf3 d5 3. Nxe5 Bd6 4. d4 dxe4 5. Qe2 Bxe5 6. dxe5 Qd4 7. Nc3 Qxe5
8. Nxe4 Nc6 9. c3 Bf5 10. Ng3 Qxe2+ 11. Bxe2 Be6 12. Bf4 O-O-O 13. O-O Nf6 14.
a4 Rhe8 15. Rfe1 Nd5 16. Bg5 f6 17. Bc1 Nb6 18. a5 Nc4 19. b3 Nd2 20. Bxd2 Rxd2
21. a6 b6 22. Bf3 Bd7 23. Rxe8+ Bxe8 24. Nf5 g6 25. Ne3 Rd3 26. Rc1 Ne5 27. Be4
Rd2 28. f4 Nf7 29. Nc4 Re2 30. Bb7+ Kd8 31. Rd1+ Ke7 32. Kf1 Rc2 33. Ne3 Rb2
34. Nd5+ Kf8 35. b4 c6 36. Nxf6 c5 37. bxc5 Bb5+ 38. Kg1 bxc5 39. Nxh7+ Kg7 40.
Ng5 Nxg5 41. fxg5 Ra2 42. Rd5 Bxa6 43. Rd7+ Kf8 44. Bd5 Rc2 45. Rxa7 Bd3 46.
Rf7+ Ke8 47. h4 Rxc3 48. h5 gxh5 49. Rc7 Rc1+ 50. Kh2 c4 51. Bf7+ Kf8 52. g6 c3
53. g7+ Kxg7 54. Bc4+ Kf6 55. Bxd3 Kg5 56. Rc5+ Kg4 57. Be2+ Kf4 58. Bxh5 Ke3
59. Bg6 Kd2 60. Rd5+ Ke3 61. Rd8 c2 62. Rc8 Kd2 63. Rxc2+ Rxc2 64. Bxc2 Kxc2
65. Kg3 Kd3 66. Kf4 Kd4 67. g4 Kd5 68. Kf5 Kd6 69. Kf6 Kd5 70. Kf7 Kd4 71. g5
Kd3 72. g6 Kc4 73. g7 Kc3 74. g8=Q Kc4 75. Qg5 Kd3 76. Qf5+ Ke2 77. Ke6 Kd2 78.
Kd5 Ke2 79. Qe4+ Kd2 80. Kc4 Kd1 81. Qf3+ Kd2 82. Qg2+ Kc1 83. Kc3 Kd1 {
Time forfeit} 1/2-1/2

[Event "Rated Blitz game"]
[Site "?"]
[Date "2021.04.01"]
[Round "?"]
[White "Wade1"]
[Black "blastol"]
[Result "1-0"]
[WhiteElo "2429"]
[BlackElo "2387"]
[PlyCount "83"]
[EventDate "2021.??.??"]
[EventType "blitz"]

1. e4 e5 2. Nf3 d5 3. exd5 Bd6 4. d4 e4 5. Ne5 Nf6 6. Nc4 O-O 7. Nxd6 Qxd6 8.
c4 c6 9. Be2 cxd5 10. c5 Qe7 11. O-O Nc6 12. Nc3 h6 13. Bf4 Re8 14. h3 Bf5 15.
Qd2 Rad8 16. Rad1 Qe6 17. a3 Nh7 18. b4 a6 19. Qb2 Qf6 20. Be3 Qg6 21. Kh2 Bc8
22. a4 f5 23. b5 axb5 24. axb5 Ne7 25. Bf4 Ng5 26. c6 bxc6 27. bxc6 Nxc6 28.
Bb5 Ne6 29. Ne2 Bd7 30. Rc1 Rc8 31. Bxc6 Bxc6 32. Qb6 Nxf4 33. Nxf4 Qd6 34. g3
g5 35. Nh5 e3 36. fxe3 Rxe3 37. Rf2 Kh7 38. Rfc2 Kg6 39. Rxc6 Re2+ 40. Kh1 Re1+
41. Kg2 Re2+ 42. Kf1 {Time forfeit} 1-0

[Event "Rated Blitz tournament RmRG5LCX"]
[Site "?"]
[Date "2021.04.01"]
[Round "?"]
[White "MONSKY123"]
[Black "philip_simon_din"]
[Result "1-0"]
[WhiteElo "2440"]
[BlackElo "2234"]
[PlyCount "51"]
[EventDate "2021.??.??"]
[EventType "blitz"]

1. e4 e5 2. Nf3 d5 3. exd5 e4 4. Qe2 f5 5. Ne5 Qxd5 6. Qh5+ g6 7. Nxg6 Nf6 8.
Qh4 Rg8 9. Nxf8 Rxf8 10. Nc3 Qe6 11. Nb5 Na6 12. Nd4 Qb6 13. Nb3 Bd7 14. d3
O-O-O 15. Be3 Qb4+ 16. Bd2 Qa4 17. Bc3 Ng4 18. h3 Nb4 19. Bxb4 Qxb4+ 20. c3 Qd6
21. hxg4 exd3 22. O-O-O fxg4 23. Bxd3 Qf4+ 24. Rd2 Bf5 25. Bxf5+ Rxf5 26. Qxd8#
{Normal} 1-0

[Event "Rated Blitz tournament RmRG5LCX"]
[Site "?"]
[Date "2021.04.01"]
[Round "?"]
[White "MONSKY123"]
[Black "philip_simon_din"]
[Result "1-0"]
[WhiteElo "2439"]
[BlackElo "2224"]
[PlyCount "123"]
[EventDate "2021.??.??"]
[EventType "blitz"]

1. e4 e5 2. Nf3 d5 3. exd5 e4 4. Qe2 f5 5. Ne5 Qxd5 6. Qh5+ g6 7. Nxg6 Nf6 8.
Qh4 Rg8 9. Nxf8 Rxf8 10. Nc3 Qe6 11. Be2 Na6 12. a3 Bd7 13. Bh5+ Ke7 14. Be2
Nc5 15. b4 Nd3+ 16. cxd3 exd3 17. Bb2 Rae8 18. Nd5+ Kd6 19. Qg3+ Kxd5 20. Qxd3+
Kc6 21. b5+ Kb6 22. Bd4+ c5 23. bxc6+ Kxc6 24. Rc1+ Kd6 25. Bxf6+ Qd5 26. Qxd5+
Kxd5 27. Rc5+ Kxc5 28. Bg5 Bb5 29. Be3+ Rxe3 30. fxe3 Bxe2 31. Kxe2 b5 32. Rc1+
Kb6 33. Rf1 a5 34. g4 b4 35. axb4 a4 36. gxf5 Kb5 37. f6 Kxb4 38. e4 Kb3 39. e5
a3 40. e6 a2 41. f7 Kb2 42. Ke3 Ra8 43. Ke4 Ra4+ 44. Ke5 Ra5+ 45. Kf6 Ra4 46.
f8=Q Rf4+ 47. Rxf4 a1=Q 48. Qb4+ Kc2+ 49. Qc3+ Qxc3+ 50. dxc3 Kxc3 51. Rh4 Kd3
52. Rxh7 Ke3 53. Rh4 Kf3 54. Kg5 Kg2 55. Re4 Kf3 56. Re5 Kf2 57. Kg4 Kg2 58.
Re2+ Kf1 59. Kf3 Kg1 60. Kg3 Kh1 61. Re3 Kg1 62. Re1# {Normal} 1-0

[Event "Rated Blitz game"]
[Site "?"]
[Date "2021.04.01"]
[Round "?"]
[White "ak61"]
[Black "ALJIGz"]
[Result "0-1"]
[WhiteElo "2532"]
[BlackElo "2426"]
[PlyCount "60"]
[EventDate "2021.??.??"]
[EventType "blitz"]

1. e4 e5 2. Nf3 d5 3. exd5 e4 4. Qe2 Nf6 5. d3 Qxd5 6. Nbd2 Be6 7. Nxe4 Nbd7 8.
g3 O-O-O 9. Bg2 Bg4 10. h3 Bh5 11. g4 Bg6 12. Nxf6 Nxf6 13. O-O Bd6 14. Be3 h5
15. g5 Nh7 16. Nh4 Qe5 17. f4 Qe7 18. Rae1 Rhe8 19. Qf2 Nf8 20. Bxa7 Qd7 21.
Bd4 Bxf4 22. Re7 Rxe7 23. c3 Ne6 24. Nxg6 fxg6 25. Qf3 c6 26. Bb6 Rf8 27. Qe4
Nxg5 28. Qa4 Be3+ 29. Bxe3 Rxf1+ 30. Kxf1 Qxd3+ {Normal} 0-1

[Event "Rated Blitz game"]
[Site "?"]
[Date "2021.04.01"]
[Round "?"]
[White "HartmutK"]
[Black "Dzon_Vejn"]
[Result "0-1"]
[WhiteElo "2326"]
[BlackElo "2401"]
[PlyCount "76"]
[EventDate "2021.??.??"]
[EventType "blitz"]

1. e4 e5 2. Nf3 d5 3. exd5 e4 4. Qe2 Nf6 5. Nc3 Be7 6. Nxe4 O-O 7. d3 Nxd5 8.
Qd1 Re8 9. Be2 f5 10. Ng3 Nc6 11. O-O Bf6 12. Nh5 Be7 13. c4 Nf6 14. Ng3 Nd4
15. Nxd4 Qxd4 16. Qc2 Bd6 17. Be3 Qh4 18. c5 Bf8 19. Bf3 c6 20. Ne2 Ng4 21.
Bxg4 Qxg4 22. h3 Qg6 23. Nf4 Qf7 24. h4 Bd7 25. Qb3 Qxb3 26. axb3 a6 27. b4 Be7
28. g3 Bf6 29. d4 g6 30. Rfd1 Rad8 31. Rab1 Kf7 32. d5 cxd5 33. Nxd5 Bc6 34.
Nxf6 Rxd1+ 35. Rxd1 Kxf6 36. Bg5+ Kf7 37. Rd6 Re1+ 38. Kh2 Rh1# {Normal} 0-1